| 000 | 01454nam a22003375i 4500 | ||
|---|---|---|---|
| 001 | 178594 | ||
| 003 | ES-MaACL | ||
| 005 | 20231229062555.0 | ||
| 008 | 110608s1970 sp o |||| | spa d | ||
| 080 | _a821.134.2-2"19" | ||
| 245 | 0 | 0 |
_aTeatro español. _p1968-1969 / _cprólogo, notas y apéndice por Federico Carlos Sainz de Robles. |
| 260 |
_aMadrid : _bAguilar, _cimp. 1970. |
||
| 300 |
_aXXXVI, 402, [10] p. de fot. bl. y n. ; _c21 cm. |
||
| 490 | 1 | _aColección literaria. Novelistas, dramaturgos, ensayistas, poetas | |
| 505 | 8 | 0 | _aContiene: English spoken / Lauro Olmo. El inocente / Joaquín Calvo-Sotelo. Estado civil : Marta / Juan José Alonso Millán. Los delfines / Jaime Salom. Historia de un adulterio / Víctor Ruiz Iriarte |
| 650 | 4 |
_aTeatro español- _yS.XX. _917356 |
|
| 700 | 1 |
_aSainz de Robles, Federico Carlos, _d1898-1982 _9101593 |
|
| 700 | 1 |
_aOlmo, Lauro, _d1922-1994 _986974 |
|
| 700 | 1 |
_aCalvo-Sotelo, Joaquín, _d1905-1993 _933913 |
|
| 700 | 1 |
_aAlonso Millán, Juan José. _920361 |
|
| 700 | 0 |
_aSalom, Jaime. _9102009 |
|
| 700 | 1 |
_aRuiz Iriarte, Víctor, _d1912-1982 _9100836 |
|
| 740 | 0 | 2 | _aEnglish spoken. |
| 740 | 3 | 2 | _aEl inocente. |
| 740 | 0 | 2 | _aEstado civil : Marta. |
| 740 | 4 | 2 | _aLos delfines. |
| 740 | 0 | 2 | _aHistoria de un adulterio. |
| 830 | 0 |
_aColección literaria. Novelistas, dramaturgos, ensayistas, poetas _9183856 |
|
| 852 |
_aES-MaACL _jE-15352 _xOlim P-83 |
||
| 999 |
_c178594 _d178594 |
||